000
00290 a2200133 4500
001
92166
082
_a
891.4391 WAF
090
_c
44129
_d
44128
100
_a
Wafa Chishti
245
_a
Daryaab
260
_a
Islamabad
_b
Marasem
_c
2012
300
_a
192p.
_b
Hb
500
_a
General Book
942
_a
CAE NUST
_k
891.4391 WAF
999
_c
327239
_d
327239